00624nam a2200217 a 450000100060000000300080000600500170001400800410003102000150007202000200008703500190010704000270012604100080015308200220016110000190018324500540020226000500025630000240030650400510033065000250038156647BD-RjUL20211209080423.0161203s1999 enk b 001 0 eng  a003351996X a0335199151 (pb) a(BD-RjUL)56771 aDLCcDLCbengdBD-RjUL aeng00a306223bMCM 19991 aMcGuigan, Jim.10aModernity and postmodern culture /cJim McGuigan. aPhiladelphia :bOpen University Press,c1999. ax, 117 p. ;c23 cm. aIncludes bibliographical references and index. 0aCivilization, Modern